| 000 | 00600 a2200217 4500 | ||
|---|---|---|---|
| 020 | _a354009962X | ||
| 041 | _aEng. | ||
| 082 |
_a530.12 _bB876s |
||
| 100 |
_aBullough, R. K. , ed. _914559 |
||
| 100 |
_aCalldrey, P. J. , ed. _914560 |
||
| 245 | _aSolitons | ||
| 260 |
_aBerlin _bSpringer Verlag _c1980 |
||
| 300 | _axviii, 389p. illus | ||
| 440 |
_aTopics in current pshysics _n17 _914561 |
||
| 504 | _aBibliography at the end of each chapter | ||
| 650 |
_aWave mechanics _97867 |
||
| 650 |
_aMathematical physics _97582 |
||
| 650 |
_aEquations _9605 |
||
| 653 | _aPhysics | ||
| 942 |
_2ddc _cGEN |
||
| 999 |
_c56310 _d56306 |
||